书目信息 |
| 题名: |
中国国家标准汇编
|
|
| 作者: | ;中国标准出版社 编 | |
| 分册: | 651 GB 32047-32067 | |
| 出版信息: | 北京 中国标准出版社 2016.10 |
|
| 页数: | 445页 | |
| 开本: | 30cm | |
| 丛书名: | ||
| 单 册: | ||
| 中图分类: | T-652.1 | |
| 科图分类: | ||
| 主题词: | 国家标准--中国--2015--汇编 | |
| 电子资源: | ||
| ISBN: | 978-7-5066-8400-2 | |
| 000 | 00838nam0 2200217 450 | |
| 001 | 1305 | |
| 005 | 20180929081126.76 | |
| 010 | @a978-7-5066-8400-2@b精装@dCNY220.00 | |
| 100 | @a20180412d2016 em y0chiy50 ea | |
| 101 | 0 | @achi |
| 102 | @aCN@b110000 | |
| 105 | @aa l 000yy | |
| 200 | 1 | @a中国国家标准汇编@9zhong guo guo jia biao zhun hui bian@h651@iGB 32047-32067@e2015年制定@f中国标准出版社编 |
| 210 | @a北京@c中国标准出版社@d2016.10 | |
| 215 | @a445页@c图@d30cm | |
| 330 | @a本书收入国家标准GB 32047-32067的最新版本,内容包括:啤酒单位产品能源消耗限额、乙二醇单位产品能源消耗限额、家用和类似用途交流换气扇能效限定值及能效等级等。 | |
| 606 | 0 | @a国家标准@y中国@z2015@j汇编 |
| 690 | @aT-652.1@v5 | |
| 711 | 02 | @a中国标准出版社@9zhong guo biao zhun chu ban she@4编 |
| 801 | 0 | @aCN@b91MARC@c20180412 |
| 905 | @aMuseLib@dT-652.1@e110 | |
| 中国国家标准汇编.651.GB 32047-32067:2015年制定/中国标准出版社编.-北京:中国标准出版社,2016.10 |
| 445页:图;30cm |
| ISBN 978-7-5066-8400-2(精装):CNY220.00 |
| 本书收入国家标准GB 32047-32067的最新版本,内容包括:啤酒单位产品能源消耗限额、乙二醇单位产品能源消耗限额、家用和类似用途交流换气扇能效限定值及能效等级等。 |
| ● |
| 相关链接 |
|
|
|
|
正题名:中国国家标准汇编
索取号:T-652.1/110
 
预约/预借
| 序号 | 登录号 | 条形码 | 馆藏地/架位号 | 状态 | 备注 |
| 1 | 1122085 | 211220855 | 第二样本阅览室/ [索取号:T-652.1/110] | 在馆 | |
| 2 | 1122086 | 211220864 | 密集书库-生命科学系/ [索取号:T-652.1/110] | 在馆 |